| 000 | 00501nam a2200145Ia 4500 | ||
|---|---|---|---|
| 008 | 231129s1999||||xx |||||||||||||| ||spa|| | ||
| 020 | _a958-20-0511-4 | ||
| 040 | _bspa | ||
| 082 | _a370.9861 C316i | ||
| 100 | _aCarrión Castro Julio César | ||
| 245 | 0 | _aItinerario de nuestra escuela:Visión crítica de los procesos educativos en Colombia | |
| 260 | _c1999 | ||
| 264 | _aSantafé de Bogotá Colombia: Cooperativa Editorial Magisterio | ||
| 942 |
_2ddc _cBKS |
||
| 999 |
_c16044 _d16044 |
||